000 00561cam a2200193 4500500
005 20260329003945.0
041 _afre
042 _adc
100 1 0 _aTenaillon, Nicolas
_eauthor
245 0 0 _aMachiavel / “Le Prince”
260 _c2017.
500 _a33
690 _aLe Prince
690 _aMachiavel
690 _aRésumé
690 _aSprint
786 0 _nPhilosophie magazine | 113 | 10 | 2017-10-01 | p. 43-43 | 1951-1787
856 4 1 _uhttps://shs.cairn.info/magazine-philosophie-magazine-2017-10-page-43?lang=fr&redirect-ssocas=7080
999 _c1829287
_d1829287